Представление документа в формате MARC21

Поле Инд. ПП Название Значение
Тип записи a
Библиографический уровень m
001 Контрольный номер RU/IS/BASE/359545358
005 Дата корректировки 20220708111056.3
020 a ISBN 978-985-488-527-8(ч.2)
040 b Код языка каталог. rus
041 0_ a Код языка текста rus
080 a Индекс УДК 004.42(076.5)
084 a Индекс другой классификации/Индекс ББК 32.973.26-018.2я73
090 a Полочн. индекс 681.3
c Каталожный индекс 681.3.06(076.5)
x Авторский знак К52
097 b Оператор 02
100 1_ a Автор Клюс В. Б.
245 10 a Заглавие Программирование проблемно-ориентированных вычислительных средств реального времени
b Продолж. заглавия лабораторный практикум для студентов спец. 1-40 02 02 "Электронные вычислительные средства" дневной формы обучения : в 2 ч.
h Физич. носитель + электр. вариант
n Номер части/ раздела Ч. 2
260 a Место издания Минск
b Издательство БГУИР
c Дата издания 2011
300 a Объем 36 с.
b Иллюстрации/ тип воспроизводства ил.
440 a Серия Кафедра электронных вычислительных средств
510 a Примечание о ссылках Книги и методические пособия
650 a Основная рубрика 50.41 Программное обеспечение вычислительных машин, комплексов и сетей
x Основная подрубрика 50.41.17 Системное программное обеспечение
653 a Ключевые слова программирование; вычислительные средства
700 a Другие авторы Качинский М. В.
700 1_ a Другие авторы Давыдов А. Б.
856 u URL https://libeldoc.bsuir.by/bitstream/123456789/2545/2/Klyus_pr.pdf
901 t Тип документа m